000 00206nam a2200085Ia 4500
008 170617s9999 xx 000 0 und d
100 _aBakhru H.K
245 4 _aThe Complete Handbook of Nature Care
260 _bJaico Pub
260 _c2016
999 _c15626
_d15626